01148cam a22003135a 4500001001000000003000400010005001700014008004100031020002600072020002300098040004000121082002500161100002700186245006300213250003200276260006500308300004300373500003300416500002400449504003100473650004300504651001000547653003300557655002400590700003300614942002500647999001700672952014500689015720518OSt20150810131628.0101214s2012 at a frb 001 0 eng d a9781111532932 (pbk.)  a1111532931 (pbk.)  aStDuBDSbengcStDuBDSdUkdEG-ScBUE04a658.4038011bSTA2221 aStair, Ralph M.91134410aInformation systems /cRalph M. Stair, George W. Reynolds. a10th ed., International ed. a[Canberra] :bCourse Technology / Cengage Learning,cc.2012. axxvii, 676 p. :bill. (col.) ;c25 cm. a1 internet access code card. aIndex : p. 653-676. aBibliography : p. 623-638. 0aManagement information systems.2BUEsh 2BUEsh bCOMSCIcJune2015cAugust2015 vreading book9342321 aReynolds, George W. ,d1944- 2ddck658.4038011 STA c19802d19774 00102ddc40708AlahramaMAINbMAINc1STd2015-06-22epurchaseg386.00h312l0o658.4038011 STAp000038816r2025-07-15 00:00:00v482.50yBB